The iLife '04 book / (Record no. 16747)

000 -LEADER
fixed length control field 00736cam a22002297a 4500
020 ## - INTERNATIONAL STANDARD BOOK NUMBER
ISBN 0764567969 (pbk.)
040 ## - CATALOGING SOURCE
Transcribing agency CPL
082 00 - DEWEY DECIMAL CLASSIFICATION NUMBER
Classification number 006 H.N.J 2005 A002 Or.
100 1# - MAIN ENTRY--AUTHOR NAME
Personal name Ihnatko, Andy.
245 14 - TITLE STATEMENT
Title The iLife '04 book /
246 3# - VARYING FORM OF TITLE
Title proper/short title iLife 2004 book
260 ## - PUBLICATION, DISTRIBUTION, ETC. (IMPRINT)
Place of publication Hoboken, N.J. :
Name of publisher Wiley Pub.,
Year of publication c2005.
300 ## - PHYSICAL DESCRIPTION
Number of Pages xxiii, 519 p. :
Other physical details ill. ;
Dimensions 23 cm.
500 ## - GENERAL NOTE
General note Includes index.
650 #0 - SUBJECT ADDED ENTRY--TOPICAL TERM
Topical Term Interactive multimedia
650 #0 - SUBJECT ADDED ENTRY--TOPICAL TERM
Topical Term Macintosh (Computer)
700 1# - ADDED ENTRY--PERSONAL NAME
Personal name Bove, Tony,
856 41 - ELECTRONIC LOCATION AND ACCESS
Uniform Resource Identifier http://www.loc.gov/catdir/toc/wiley051/2004102436.html
856 42 - ELECTRONIC LOCATION AND ACCESS
Uniform Resource Identifier http://www.loc.gov/catdir/enhancements/fy0619/2004102436-b.html
856 42 - ELECTRONIC LOCATION AND ACCESS
Uniform Resource Identifier http://www.loc.gov/catdir/enhancements/fy0619/2004102436-d.html
942 ## - ADDED ENTRY ELEMENTS (KOHA)
Koha item type សៀវភៅភាសាអង់គ្លេស
952 ## - LOCATION AND ITEM INFORMATION (KOHA)
Withdrawn status [LOCAL, KOHA] 0
Holdings
Permanent Location Date acquired Koha item type Lost status Shelving location Barcode Current Location Full call number
Library Block A2018-04-03សៀវភៅភាសាអង់គ្លេស A002A15273Library Block A006 H.N.J 2005 A002 Or.
មជ្ឈមណ្ឌលឯការនៃសាកលវិទ្យាល័យភូមិន្ទកសិកម្មចំការដូង

Powered by Koha